01423nam a2200217Ia 4500003000500000005001700005008004100022020003000063040002400093082002600117100003000143245001700173260004000190300002100230520069300251521001000944942003700954999001900991952010501010952009001115322820250903144930.0211105s9999 xx 000 0 und d a9781407493497"qPaperback aMPLbENGc3228eRDA 0210th EditionaEF TOWL aRules of civility9129025 0aTowels, Amor aNew YorkbSceptre an Imprintc2011" a345 pages;c20cm aThis sophisticated and entertaining first novel presents the story of a young woman whose life is on the brink of transformation. On the last night of 1937, twenty-five-year-old Katey Kontent is in a second-rate Greenwich Village jazz bar when Tinker Grey, a handsome banker, happens to sit down at the neighboring table. This chance encounter and its startling consequences propel Katey on a year-long journey into the upper echelons of New York society—where she will have little to rely upon other than a bracing wit and her own brand of cool nerve. With its sparkling depiction of New York’s social strata, its intricate imagery and themes, and its immensely appealing characters. aAdult 2ddccBOOKy164zCyprian Zikalala c605585d605584 00104070aERMELLbERMELLd2021-11-08g317.00l0oLP EF TOWLp3322830156315r2021-11-08w2021-11-08 00102ddc4070aMASHMLbMASHMLd2025-09-03l0oEF TOWLr2025-09-03w2025-09-03yBOOK